Gorenje stavilo na Pininfarinove tvary

Úspešné etablovanie slovinskej spoločnosti Gorenje na svetovom trhu. Výrobca špičkovej bielej techniky s novým dizajnom. Kooperácia s dizajnérskym domom Pininfarina a Swarovski Crystal. Prechod spoločnosti na euro. Inovácie vo výrobe. Odkúpenie českej firmy Mora Moravia a etablovanie sa aj na slove...

Descrizione completa

Salvato in:
Dettagli Bibliografici
Autore principale: Ryník, Jozef
Natura: Capitolo di libro
Lingua:slovacco
Soggetti:
Tags: Aggiungi Tag
Nessun Tag, puoi essere il primo ad aggiungerne!!

MARC

LEADER 00000naa$a2200000$$$4500
001 0055297
005 20231009072102.0
041 0 |a slo 
044 |a SK 
245 1 0 |a Gorenje stavilo na Pininfarinove tvary  |c Jozef Ryník 
520 |a Úspešné etablovanie slovinskej spoločnosti Gorenje na svetovom trhu. Výrobca špičkovej bielej techniky s novým dizajnom. Kooperácia s dizajnérskym domom Pininfarina a Swarovski Crystal. Prechod spoločnosti na euro. Inovácie vo výrobe. Odkúpenie českej firmy Mora Moravia a etablovanie sa aj na slovenskom trhu. 
610 2 0 |a firmy 
610 2 0 |a podnik výrobný 
610 2 0 |a tovar priemyselný 
610 2 0 |a technika 
610 2 0 |a trh 
610 2 0 |a mena 
610 2 0 |a obchod 
610 2 0 |a Slovinsko 
610 2 0 |a Gorenje 
100 1 |a Ryník, Jozef